000 00542nam a22001937a 4500
003 KOHA_MİRAKIL
005 20250417142811.0
008 250417b tu ||||| |||| 00| 0 tur d
020 _a9789751416834
040 _aTR-AnABB
_btur
_cTR-AnABB
041 _atur
082 _a813.42
_bDOK 2015
100 1 _aDökmen, Üstün,
245 1 0 _aMenderes ırmağın gölgesi /
_cÜstün Dökmen
260 _aİstanbul :
_bRemzi Kitabevi,
_c2015
300 _a318 sayfa ;
_c20 cm
650 0 4 _aTürk edebiyatı, roman
942 _2ddc
_cBK
999 _c8751
_d8751
900 _bGizem YORULMAZ